Закономерности формирования разориентации в чистых ГЦК-монокристаллах; Физика прочности и пластичности материалов

التفاصيل البيبلوغرافية
Parent link:Физика прочности и пластичности материалов.— 2015.— [С. 223]
المؤلف الرئيسي: Лычагин Д. В. Дмитрий Васильевич
مؤلفون مشاركون: Национальный исследовательский Томский политехнический университет (ТПУ) Юргинский технологический институт (филиал) (ЮТИ) Кафедра технологии машиностроения (ТМС), Национальный исследовательский Томский политехнический университет (ТПУ) Институт кибернетики (ИК) Кафедра технологии автоматизированного машиностроительного производства (ТАМП)
مؤلفون آخرون: Алфёрова Е. А. Екатерина Александровна
الملخص:Заглавие с титульного экрана
اللغة:الروسية
منشور في: 2015
الموضوعات:
الوصول للمادة أونلاين:http://www.issp.ac.ru/ebooks/conf/Samara-2015.pdf#page=223
التنسيق: MixedMaterials الكتروني فصل الكتاب
KOHA link:https://koha.lib.tpu.ru/cgi-bin/koha/opac-detail.pl?biblionumber=644242

MARC

LEADER 00000nla2a2200000 4500
001 644242
005 20231102025320.0
035 |a (RuTPU)RU\TPU\network\9307 
035 |a RU\TPU\network\9304 
090 |a 644242 
100 |a 20151106d2015 k y0rusy50 ca 
101 0 |a rus 
102 |a RU 
105 |a y z 101zy 
135 |a drcn ---uucaa 
181 0 |a i  
182 0 |a b 
200 1 |a Закономерности формирования разориентации в чистых ГЦК-монокристаллах  |f Д. В. Лычагин, Е. А. Алфёрова 
203 |a Текст  |c электронный 
300 |a Заглавие с титульного экрана 
463 0 |0 (RuTPU)RU\TPU\conf\2843  |t Физика прочности и пластичности материалов  |o Сборник тезисов XIX Международной конференции, Самара, 8-11 июня 2015 года  |f Самарский государственный технический университет  |v [С. 223]  |d 2015 
610 1 |a труды учёных ТПУ 
610 1 |a электронный ресурс 
610 1 |a монокристаллы 
610 1 |a деформации 
610 1 |a разориентирование 
700 1 |a Лычагин  |b Д. В.  |c специалист в области машиностроения  |c профессор Юргинского технологического института (филиала) Томского политехнического университета, доктор физико-математических наук  |f 1957-  |g Дмитрий Васильевич  |2 stltpush  |3 (RuTPU)RU\TPU\pers\30564  |9 14858 
701 1 |a Алфёрова  |b Е. А.  |c специалист в области машиностроения  |c доцент Юргинского технологического института (филиала) Томского политехнического университета, кандидат физико-математических наук  |f 1982-  |g Екатерина Александровна  |2 stltpush  |3 (RuTPU)RU\TPU\pers\26530  |9 12224 
712 0 2 |a Национальный исследовательский Томский политехнический университет (ТПУ)  |b Юргинский технологический институт (филиал) (ЮТИ)  |b Кафедра технологии машиностроения (ТМС)  |h 356  |2 stltpush  |3 (RuTPU)RU\TPU\col\18902 
712 0 2 |a Национальный исследовательский Томский политехнический университет (ТПУ)  |b Институт кибернетики (ИК)  |b Кафедра технологии автоматизированного машиностроительного производства (ТАМП)  |h 1607  |2 stltpush  |3 (RuTPU)RU\TPU\col\18705 
801 2 |a RU  |b 63413507  |c 20151106  |g RCR 
856 4 |u http://www.issp.ac.ru/ebooks/conf/Samara-2015.pdf#page=223 
942 |c CF